000 00330nam a22001457a 4500
008 190205b xxu||||| |||| 00| 0 eng d
020 _a0574214100
041 _aeng
080 _22 nd
_a338
082 _a338
100 _a54
101 _aMEN
245 _aManagement information systems
_cMcleod Raymond
942 _2udc
_cBK
999 _c53991
_d53991